| 000 | 00394nam a22001457a 4500 | ||
|---|---|---|---|
| 999 |
_c535257 _d535257 |
||
| 020 | _a978-0367180393 | ||
| 040 | _cMSOHAIL | ||
| 082 |
_a628.4 _bRAT |
||
| 100 |
_a Ashok K. Rathoure _929731 |
||
| 245 | _aZero Waste: Management Practices for Environmental Sustainability - 1st edition | ||
| 250 | _a1st edition | ||
| 260 |
_a CRC Press; _cc2020 |
||
| 300 | _ax;355;p | ||
| 942 |
_2ddc _cBK _e1st |
||